Szczegóły MARC21

Theatrum militans : 1939-1945 /

003 -Nazwa inst., której nr kontr. jest w polu 001 [,]
    • @
    • Nazwa instytucji, której n kontrolny jest w polu 001
    • NUKAT
005 -DATA I CZAS OSTATNIEJ MODYFIKACJI [,]
    • @
    • pole kontrolne
    • 20241231112332.0
020 -Międzynarod. znormalizowany nr książki - ISBN [ , ]
    • a
    • Numer ISBN
    • 8306015614 Find
040 -Instytucja sporządzająca opis [ , ]
    • a
    • Instytucja, która sporządziła opis (NP)
    • GD U/MZ
    • c
    • Instytucja, która sporządziła rekord (NP)
    • GD U/MZ
    • d
    • Instytucja, która zmodyfikowała rekord (P)
    • GD U/MZ
    • d
    • Instytucja, która zmodyfikowała rekord (P)
    • GD U/ISSs
    • d
    • Instytucja, która zmodyfikowała rekord (P)
    • KR 297/epc
942 -Rodzaj dokumentu [ , ]
    • c
    • Rodzaj dokumentu
    • Książka
100 -Hasło główne - nazwa osobowa [1, ]
    • a
    • Nazwa osobowa (NP)
    • Schiller, Leon
    • d
    • Daty biograficzne (NP)
    • (1887-1954).
    • 9
    • KHW
    • 78966
245 -Strefa tytułu i oznaczenia odpowiedzialności [1,0]
    • a
    • Tytuł
    • Theatrum militans : Find
    • b
    • Ciąg dalszy tytułu (NP)
    • 1939-1945 / Find
    • c
    • Pozostałe elementy strefy tytułu i oznaczenia odpowiedzialności (NP)
    • Leon Schiller ; oprac. Jerzy Timoszewicz..
260 -Strefa adresu wydawniczego [ , ]
    • a
    • Miejsce wydania (P)
    • Warszawa :
    • b
    • Nazwa wydawcy (P)
    • Państwowy Instytut Wydawniczy,
    • c
    • Data wydania (P)
    • 1987.
300 -Strefa opisu fizycznego [ , ]
    • a
    • Określenie formy książki i/lub objętość (NP)
    • 351, [4] s., [25] s. fot., portr. ;
    • c
    • Format (NP)
    • 21 cm.
336 -Typ zawartości [ , ]
    • a
    • Termin opisujący typ zawartości
    • Tekst
    • b
    • Kod określający zawartość
    • txt
    • 2
    • Źródło (terminu i kodu)
    • rdacontent
337 -Typ mediów [ , ]
    • a
    • Tryb odtwarzania
    • Bez urządzenia pośredniczącego
    • b
    • Kod typu mediów
    • n
    • 2
    • Źródło (terminu i kodu)
    • rdamedia
338 -Typ/rodzaj nośnika [ , ]
    • a
    • Hasło opisujące typ nośnika
    • Wolumin
    • b
    • Kod typu nośnika
    • nc
    • 2
    • Źródło (terminu i kodu)
    • rdacarrier
490 -Strefa serii i książki wielotomowej - forma nie do wyszukiwania [1, ]
    • a
    • Tytuł (P)
    • Pisma / Leon Schiller Find
504 -Uwaga dot. bibliogr. załącznikowej [ , ]
    • a
    • Uwaga dot. bibliografii załącznikowej
    • Indeks.
080 -Uniwersalna Klasyfikacja Dziesiętna [ , ]
    • a
    • Symbol klasyfikacji
    • 792.03(438)"19"
080 -Uniwersalna Klasyfikacja Dziesiętna [ , ]
    • a
    • Symbol klasyfikacji
    • :792.01
600 -Hasło przedmiotowe w formie nazwy osobowej [1,7]
    • a
    • Nazwa osobowa
    • Schiller, Leon
    • d
    • Daty związane z nazwą
    • (1887-1954)
    • v
    • Określnik formalny
    • chronologia.
    • 2
    • Źródło terminu
    • kaba
    • 9
    • KHW
    • 360902
650 -Hasło przedmiotowe [ ,7]
    • a
    • Hasło przedmiotowe
    • Teatr
    • z
    • Określnik geograficzny
    • Polska
    • y
    • Określnik chronologiczny
    • 1900-1945.
    • 2
    • Źródło terminu
    • kaba
    • 9
    • KHW
    • 360901
980 -Symbol UKD [ , ]
    • a
    • UKD
    • 792.03(438)"19":792.01
700 -Hasło dodatkowe - nazwa osobowa [1, ]
    • a
    • Nazwa osobowa (NP)
    • Timoszewicz, Jerzy Find
    • d
    • Daty biograficzne (NP)
    • (1933-2015).
    • e
    • Określenie rodzaju współpracy
    • Oprac.
    • 9
    • KHW
    • 47296
710 -Hasło dodatkowe - nazwa ciała zbiorowego [2, ]
    • a
    • Nazwa ciała zbiorowego lub nazwa geograficzna jako pierwszy element (NP)
    • Państwowy Instytut Wydawniczy.
    • 4
    • Kod relacji
    • pbl
    • 9
    • KHW
    • 51410
800 -Hasło dodatkowe opisu książki wielotomowej - nazwa osobowa [1, ]
    • a
    • Nazwa osobowa (NP)
    • Schiller, Leon
    • d
    • Daty biograficzne (NP)
    • (1887-1954).
    • t
    • Tytuł ujednolicony/tytuł (NP)
    • Pisma
    • 9
    • KHW
    • 78967
920 -ISBN [ , ]
    • a
    • ISBN
    • 83-06-01561-4 Find
Data inwentaryzacji Lokalizacja Numer inwentarzowy Status udost. Obwoluta
2002-11-29BGJK.2841 
2015-02-02BMP.2495511